The Concise Oxford Dictionary (Record no. 246768)

MARC details
000 -LEADER
fixed length control field 00304pam a2200157 a 4500
020 ## - INTERNATIONAL STANDARD BOOK NUMBER
Terms of availability
041 ## - LANGUAGE CODE
Language code of original
100 ## - MAIN ENTRY--PERSONAL NAME
Personal name H. W. Fowler
245 ## - TITLE STATEMENT
Title The Concise Oxford Dictionary
250 ## - EDITION STATEMENT
Edition statement 8th
260 ## - PUBLICATION, DISTRIBUTION, ETC.
Date of publication, distribution, etc. 1990
300 ## - PHYSICAL DESCRIPTION
Extent 1454
653 ## - INDEX TERM--UNCONTROLLED
Uncontrolled term Dictionary
700 ## - ADDED ENTRY--PERSONAL NAME
Personal name F. G. Flwler
930 ## - EQUIVALENCE OR CROSS-REFERENCE-UNIFORM TITLE HEADING [LOCAL, CANADA]
Uniform title 915
Holdings
Withdrawn status Lost status Damaged status Not for loan Collection Home library Current library Date acquired Total Checkouts Full call number Barcode Date last seen Copy number Price effective from Koha item type
          Institute of Environment Education & Research, Pune Institute of Environment Education & Research, Pune 19/09/2011   EVP-705 03/04/2023 1 03/04/2023 Book